000 00544nam a22001937a 4500
999 _c167488
_d167488
005 20220217163452.0
010 _aENG-126418
020 _a978-93-50331-06-4
_c225.00
035 _aEN-109950
037 _bDBAD/PUB
082 _aN
100 _aJames, Henry
245 _aThe Portrait of A Lady /
_cby Herny James
260 _aU.P
_bMaple Press
_c2017
270 _bNoida
_aA-63,Secter 58,
_e201301
_k+91 120 4553581
_k4553583
_minfo@maplepress.com.in
300 _a544p.
_c22cm(pbk)
650 _aENGLISH NOVEL
942 _2ddc
_cEN
_hN
_mJAM